Normal view
MARC view
Entry Personal Name
001 - CONTROL NUMBER
- control field: 238115
003 - CONTROL NUMBER IDENTIFIER
- control field: OSt
005 - DATE AND TIME OF LATEST TRANSACTION
- control field: 20250901142244.0
008 - FIXED-LENGTH DATA ELEMENTS
- fixed length control field: 250901|| aca||aabn | a|a d
040 ## - CATALOGING SOURCE
- Original cataloging agency: OSt
- Transcribing agency: OSt
100 ## - HEADING--PERSONAL NAME
- Personal name: Shankaranarayana Rao N P
- Dates associated with a name: ಶಂಕರ ನಾರಾಯಣ ರಾವ್ ಎನ್ ಪಿ
670 ## - SOURCE DATA FOUND
- Source citation: Work cat.: (OSt)105496: ALI (Salim). 138352 ಸಲೀಂ ಅಲಿ, Nela kachchida gubbachi., 2002